Normal view MARC view

Entry Personal Name

Number of records used in: 2

001 - CONTROL NUMBER

  • control field: 30

003 - CONTROL NUMBER IDENTIFIER

  • control field: DLC

005 - DATE AND TIME OF LATEST TRANSACTION

  • control field: 20191104112741.0

008 - FIXED-LENGTH DATA ELEMENTS

  • fixed length control field: 820226n| azannaabn |a aaa

010 ## - LIBRARY OF CONGRESS CONTROL NUMBER

  • LC control number: n 82009780

035 ## - SYSTEM CONTROL NUMBER

  • System control number: (OCoLC)oca00707077

040 ## - CATALOGING SOURCE

  • Original cataloging agency: DLC
  • Language of cataloging: eng
  • Description conventions: rda
  • Transcribing agency: DLC
  • Modifying agency: DLC
  • Modifying agency: OCoLC
  • Modifying agency: DLC-ON
  • Modifying agency: DLC
  • Modifying agency: InU
  • Modifying agency: HU

046 ## - SPECIAL CODED DATES

  • Birth date: 1934-07-07
  • Death date: 2018-03-19
  • Source of date scheme: edtf

053 #0 - LC CLASSIFICATION NUMBER

  • Classification number element--single number or beginning number of span: PK2098.S5425
  • Explanatory term: Hindi

100 1# - HEADING--PERSONAL NAME

  • Personal name: Siṃha, Kedāranātha,
  • Dates associated with a name: 1934-2018

370 ## - ASSOCIATED PLACE

  • Place of birth: Chakia (India)

370 ## - ASSOCIATED PLACE

  • Place of death: New Delhi (India)
  • Source of term: naf

372 ## - FIELD OF ACTIVITY

  • Field of activity: Hindi literature
  • Source of term: lcsh

374 ## - OCCUPATION

  • Occupation: Poets
  • Occupation: Critics
  • Source of term: lcsh

375 ## - GENDER

  • Gender: Males
  • Source of term: lcdgt

377 ## - ASSOCIATED LANGUAGE

  • Language code: hin

400 0# - SEE FROM TRACING--PERSONAL NAME

  • Personal name: Kedāranātha Siṃha,
  • Dates associated with a name: 1934-2018

400 1# - SEE FROM TRACING--PERSONAL NAME

  • Personal name: Siṃha, Kedāra Nātha,
  • Dates associated with a name: 1934-2018

400 1# - SEE FROM TRACING--PERSONAL NAME

  • Control subfield: nne
  • Personal name: Singh, Kedar Nath,
  • Dates associated with a name: 1934-

400 1# - SEE FROM TRACING--PERSONAL NAME

  • Personal name: Singh, Kedarnath,
  • Dates associated with a name: 1934-2018

670 ## - SOURCE DATA FOUND

  • Source citation: Author's Kalpanā aura chāyāvāda, 1957.

670 ## - SOURCE DATA FOUND

  • Source citation: His Mere samaya ke śabda, 1993:
  • Information found: t.p. (Kedāranātha Siṃha) t.p. verso (Kedarnath Singh)

670 ## - SOURCE DATA FOUND

  • Source citation: Wikipedia, June 10, 2016:
  • Information found: (Kedarnath Singh (born July 7, 1934) is one of the most prominent modern poets writing in Hindi)

670 ## - SOURCE DATA FOUND

  • Source citation: The Hindu, viewed on March 20, 2018:
  • Information found: (Kedarnath Singh; Hindi poet and critic; died March 19, 2018, New Delhi)
  • Uniform Resource Identifier: http://www.thehindu.com/news/national/veteran-hindi-poet-kedarnath-singh-passes-away/article23296413.ece

670 ## - SOURCE DATA FOUND

  • Source citation: Aajtak, viewed on March 20, 2018:
  • Information found: (born in Chakia village of Ballia district of Uttar Pradesh in 1934)
  • Uniform Resource Identifier: https://aajtak.intoday.in/story/hindi-poet-kedarnath-singh-aiims-janpith-sahitya-akademi-award-1-990747.html

Powered by Koha